| 000 | 00400nam a2200181Ia 4500 | ||
|---|---|---|---|
| 001 | 4274 | ||
| 005 | 20260306145743.0 | ||
| 008 | 260306t1982||||xx |||||||||||||| ||spa|| | ||
| 041 | _aESP | ||
| 082 |
_a320.1 _bM26 |
||
| 100 |
_aMaritain, Jacques _eAUT |
||
| 245 | 0 | _aL uomo e lo stato | |
| 260 | _c1982 | ||
| 300 |
_alxxv, _c19 cm. |
||
| 650 | _aGEN | ||
| 654 | _aCDE | ||
| 942 |
_cLIB _dJUS _fJUS _2ddc _n |
||
| 999 |
_c4274 _d4274 |
||